| 000 | 00476nam a22001577a 4500 | ||
|---|---|---|---|
| 005 | 20160928113731.0 | ||
| 008 | 160928b xxu||||| |||| 00| 0 eng d | ||
| 050 | _aD849.M387 1990 | ||
| 100 |
_aMazrui, Ali A. _925987 |
||
| 245 |
_aCultural forces in world politics _cby Mazrui, Ali A. |
||
| 260 |
_aLondon _bJames Currey _c1990 |
||
| 300 |
_ax, 262p.; _c24cm. |
||
| 650 |
_aWorld politics _y1945-- _926332 |
||
| 650 |
_aPolitics and culture _9651 |
||
| 942 |
_2lcc _cMONOGRAPH |
||
| 999 |
_c125394 _d125394 |
||